چا ند نی کا د ھو ا ن (Record no. 87851)

MARC details
000 -LEADER
fixed length control field 01042nam a22002657a 4500
005 - DATE AND TIME OF LATEST TRANSACTION
control field 20150203153654.0
008 - FIXED-LENGTH DATA ELEMENTS--GENERAL INFORMATION
fixed length control field 140714b xxu||||| |||| 00| 0 Urdu d
010 ## - LCCN (DPL NO)
LC control number UR-8598 B-548333-336
020 ## - INTERNATIONAL STANDARD BOOK NUMBER
Terms of availability 250.00
International Standard Book Number 9789383339358
035 ## - SYSTEM CONTROL NUMBER
System control number U-7153 B-548333-336
037 ## - SOURCE OF ACQUISITION
Source of stock number/acquisition BPPD/Publishers/Venders
037 ## - SOURCE OF ACQUISITION
Source of stock number/acquisition DBAD/Pub.
037 ## - SOURCE OF ACQUISITION
Source of stock number/acquisition Star Pub.(Vend.)/Kitab Wala(Pub.)
040 ## - CATALOGING SOURCE
Original cataloging agency DPL
Language of cataloging Urdu
082 ## - DEWEY DECIMAL CLASSIFICATION NUMBER
Classification number ن
100 ## - MAIN ENTRY--PERSONAL NAME
Personal name ا بن صفی
245 ## - TITLE STATEMENT
Title چا ند نی کا د ھو ا ن
Statement of responsibility, etc ا بن صفی
246 ## - VARYING FORM OF TITLE
Title proper/short title Chandni ka Dhuan
Remainder of title by Ibn-e- Safi
260 ## - PUBLICATION, DISTRIBUTION, ETC. (IMPRINT)
Name of publisher, distributor, etc Kitab Wala (Publisher)
-- Star Publications.( Vender)
Date of publication, distribution, etc 2014
260 ## - PUBLICATION, DISTRIBUTION, ETC. (IMPRINT)
Place of publication, distribution, etc 4/5Asaf Ali Road,New Delhi-110002
270 ## - ADDRESS
City د ھلی
Address 2794،گلی جھو ت و ا لی پہا ڑ ی بھو جلہ
Postal code 110006
Telephone number 011-23281499
300 ## - PHYSICAL DESCRIPTION
Extent 249+4ص
Dimensions 22Cm(Pb)
942 ## - ADDED ENTRY ELEMENTS (KOHA)
Source of classification or shelving scheme Dewey Decimal Classification
Item type Urdu Bks
Call number suffix ا ب ن
Classification part ن
Holdings
Withdrawn status Lost status Source of classification or shelving scheme Damaged status Not for loan Collection code Home library Current library Date acquired Source of acquisition Cost, normal purchase price Total Checkouts Full call number Barcode Date last seen Copy number Cost, replacement price Koha item type
    Dewey Decimal Classification     Fiction Central Library Central Library 17/12/2014 BPPD/UR/2014-15/127/1.8.14/SP/3597/6.8.14/2.9.14 250.00 1 ن ا ب ن B-548333 12/07/2019 1 250.00 Urdu Bks
    Dewey Decimal Classification   Not For Loan Fiction D.B.Act.Division D.B.Act.Division 03/02/2015 DBAD/Pub. 250.00   ن ا ب ن U-7153 03/02/2015 1 250.00 Urdu Bks
    Dewey Decimal Classification     Fiction Patel Nagar Patel Nagar 17/12/2014 BPPD/UR/2014-15/127/1.8.14/SP/3597/6.8.14/2.9.14 250.00   ن ا ب ن B-548334 17/12/2014 1 250.00 Urdu Bks
    Dewey Decimal Classification     Fiction Sarojini Nagar Sarojini Nagar 17/12/2014 BPPD/UR/2014-15/127/1.8.14/SP/3597/6.8.14/2.9.14 250.00   ن ا ب ن B-548335 17/12/2014 1 250.00 Urdu Bks
  Written-off vide DLB M. No. 383 dt 16.05.19 Dewey Decimal Classification     Fiction Shahdara Branch Shahdara Branch 17/12/2014 BPPD/UR/2014-15/127/1.8.14/SP/3597/6.8.14/2.9.14 250.00   ن ا ب ن B-548336 17/12/2014 1 250.00 Urdu Bks

© Delhi Public Library
Hit Counter
free hit counter